Statistics for Baywatch actors and actresses

Click here to take the quiz!

General Stats

  • This quiz has been taken 46 times
  • The average score is 7 of 15

Answer Stats

CharacterPortrayed by% Correct
Mitch BuchannonDavid Hasselhoff
95%
Casey Jean "C.J." ParkerPamela Anderson
91%
Hobie BuchannonJeremy Jackson
52%
Caroline HoldenYasmine Bleeth
48%
Lani McKenzieCarmen Electra
45%
Shauni McClainErika Eleniak
45%
Stephanie HoldenAlexandra Paul
41%
Michael "Newmie" NewmanMichael Newman
39%
Matt BrodyDavid Charvet
36%
Roberta "Summer" QuinnNicole Eggert
36%
Neely CapshawGena Lee Nolin
34%
Donna MarcoDonna D'Errico
32%
Cody MadisonDavid Chokachi
30%
April GiminskiKelly Packard
20%
Jordan TateTraci Bingham
16%

Score Distribution

Percentile by Number Answered

Percent of People with Each Score

Your Score History

You have not taken this quiz